000 00676nam a2200193Ia 4500
003 GCL
008 140319s9999 xx 000 0 ara d
040 _aGCL /
_cGCL
082 0 4 _a694.6
_bا ع
100 1 _aايمن سعدى محمد
245 1 0 _aعلم النجارة الحديثة :
_bتكنولوجيا النجارة /
_cايمن سعدى محمد
250 _aالاولى
260 _aالاردن :
_bمكتبة المجتمع العربى للنشر والتوزيع ،
_c2003
300 _a128 ص ؛
_c24 سم
650 0 4 _aالات قطع الخشب
650 0 4 _aالنجارة
650 0 4 _aالاخشاب - صناعة وتجارة
942 _2ddc
_cBK
999 _c38985
_d38985